000 00616nam a2200181Ia 4500
008 151202s9999||||xx |||||||||||||| ||und||
082 _bPNVM-32378
100 _aक्षेत्रमाडे सुमती.
245 _aमहाश्वेता.
260 _b"मनोरंजन प्रकाशन,मुंबई."
260 _c1976
300 _a356
600 _aक्षेत्रमाडे सुमती.
630 _aमहाश्वेता.
700 _aक्षेत्रमाडे सुमती.
730 _aमहाश्वेता.
942 _cBOOK
999 _c1298339
_d1298336